000 00735nam a2200253Ia 4500
003 OSt
005 20221006160503.0
006 a|||||r|||| 00| 0
007 ta
008 221006b |||||||| |||| 00| 0 eng d
024 _a45,298
037 _cSeries Articles
040 _aEASL
_cEASL
_beng
041 _2eng
_aeng
100 _aLuisa Steur
_9673851
245 0 _a'Yeh azaadi jhooti hai !
_b The shaping of the opposition in the first year of the congress raj
260 _aNew York
_bCambridge University Press U.K
_c2014
300 _a1358-1388pp.
_ccm.
490 _v48 1
650 _a Political Lives
_9673852
650 _aAsian Studies
942 _cREF
_2CC
999 _c1113390
_d1113390